| 000 | 00000nam##2200000za#4500 |
| 001 | 9.617422 |
| 003 | CaOODSP |
| 005 | 20210615102152 |
| 007 | ta |
| 008 | 150406|2004||||xxc||||| f|0| 0 eng|d |
| 022 | |a0706-6473 |
| 040 | |aCaOODSP|beng |
| 043 | |an-cn--- |
| 086 | 1 |aFs97-4/2698E |
| 110 | 1 |aCanada. |bDepartment of Fisheries and Oceans. |
| 245 | 10|aEnumeration studies of coho salmon at Black Creek : |b1995 Adults and 1996 Juveniles and Adults / |cby S.J. Baillie, K. Simpson, and J.A. Taylor. |
| 260 | |aNanaimo - British Columbia : |bFisheries and Oceans Canada |c2004. |
| 300 | |aiv, 49p. : |bgraphs, illus., references, tables ; |c28 cm. |
| 490 | 1 |aCanadian manuscript report of fisheries and aquatic sciences|x0706-6473|v2698 |
| 500 | |a"Fisheries and Oceans Canada, South Coast Area, 3225 Stephenson Point Road, Nanaimo, BC, V9T 1K3." |
| 520 | 3 |aThis report is part of a series that contains scientific and technical information that contributes to existing knowledge but deals with national or regional problems. They are distributed to institutions and individuals in the relevant areas of Canada. The subject matter reflects the interests and policies of the Department of Fisheries and Oceans. |
| 546 | |a(Résumés en français.) |
| 563 | |aSoftcover |
| 590 | |a05-25|b2005-06-24 |
| 720 | 1 |aBaillie, S.J. |
| 720 | 1 |aSimpson, K. |
| 720 | 1 |aTaylor, J.A. |
| 776 | 0#|tEnumeration studies of coho salmon at Black Creek : |w(CaOODSP)9.579997 |
| 830 | #0|aCanadian manuscript report of fisheries and aquatic sciences,|x0706-6473|v2698|w(CaOODSP)9.514688 |